Industrialización de la grasa de animales de abasto
| Main Author: | |
|---|---|
| Format: | Section = Libro |
| Language: | Undetermined Spanish |
| Published: |
España
Acribia
[s.f.]
|
| Subjects: |
| LEADER | 00540nam a2200193Ia 4500 | ||
|---|---|---|---|
| 008 | 240830s9999 xx 000 0 und d | ||
| 020 | |a 84 200 0003 5 | ||
| 040 | |a CEDOC FIQ-RUSB / 664.9 D131 | ||
| 041 | |a spa | ||
| 082 | |a 664.9 D131 | ||
| 100 | 1 | |a Dahl Olle, Dr | |
| 245 | 1 | 0 | |a Industrialización de la grasa de animales de abasto |
| 260 | |a España |b Acribia |c [s.f.] | ||
| 300 | |a 122 p.: il. | ||
| 650 | 7 | |a LA GRASA COMO ALIMENTO | |
| 650 | 7 | |b FACTORES DE CALIDAD DE LAS GRASA INDUSTRIALES | |
| 942 | |c BK |2 ddc | ||
| 991 | |a TEXTO | ||
| 999 | |c 13535 | ||